000 00757nab a2200181 4500
001 244442
003 OSt
005 20230531115959.0
007 tu
008 200917s2020|||||||
040 _aDE-2950
_cDE-2950
245 0 0 _aDer lange Weg zur Karl-Marx-Straße.
_bStadtgeschichte. Josef Stalin, Lenin, Karl Marx - Kurz nach der Gründung der DDR sollten viele Straßen und Plätze nach Kommunisten und Sozialisten umbenannt werden. Dazu kam es jedoch nicht in allen Fällen. Teil 3 einer kurzen Geschichte der Straßennamen in Frankfurt /
_cRalf-Rüdiger Targiel
264 _c2023
653 _aFrankfurt (Oder)
653 _aStraßennamen
773 0 _g34. Jahrgang (2023) Nr. 118 vom 23.05.2023, S. 16: mit Foto
_tMärkische Oderzeitung
942 _2z
_cA
999 _c372483
_d372483